Statistics for Warhammer Trivia

Click here to take the quiz!

General Stats

  • This quiz has been taken 373 times
    (372 since last reset)
  • The average score is 4 of 26

Answer Stats

HintAnswer% Correct
Founder of the EmpireSigmar
77%
Leading galactic powerImperium of Man
69%
Warmaster of the Black LegionEzekyle Abbadon
50%
Inhabitants of the World's Edge MountainsDwarfs
42%
The Great NecromancerNagash
40%
Undead SlannVenerable Lord Kroak
26%
Most militant craftworldBiel-Tan
19%
Prince Tyrion's swordSunfang
16%
Most easily defeated PrimarchAlpharius
13%
Realm that lies to the west of BretonniaEstalia
11%
Most potent generally available weapon in the Imperial fleetNova Cannon
9%
Race that the Eldar modified using Q'Orl genes to compel their obedienceTau
7%
The Emperor's right handMalcador the Sigilite
6%
Heresy pattern Terminator armorCataphractii
5%
Inventor that devised the teleporters used in the Third Armageddon WarOrkimedes
4%
Weapon of choice of the warriors of Hag GraefDraich
3%
City where Gorthor the Beastlord was killedHergig
3%
Founder of the Blood DragonsAbhoresh
1%
Most recent addition to the panopoly of the EverchosenDorghur, Steed of the Apocalypse
1%
Full name of the greatest Ork in historyGhazghul Mag Uruk Thraka
1%
Commander of Battlefleet Gothic and his flagshipLord Admiral Ravensburg and Divine Right
1%
High King who succeeded Gotrek StarbreakerMorgrim Dragonsbane
1%
Fulgrim's main distinguishing characteristicThe lower body of a snake
1%
What is special about Azamar?There can only be one in the world
1%
The aforementioned craftworld's name roughly translates toFrozen leaves falling to cut
0%
Sigmar's biological childrenSigulf and Freidliefr
0%

Score Distribution

Percentile by Number Answered

Percent of People with Each Score

Your Score History

You have not taken this quiz since the last reset